| 000 -LEADER |
| fixed length control field |
04422nam a22005895i 4500 |
| 001 - CONTROL NUMBER |
| control field |
978-981-19-5864-9 |
| 003 - CONTROL NUMBER IDENTIFIER |
| control field |
DE-He213 |
| 005 - DATE AND TIME OF LATEST TRANSACTION |
| control field |
20250103112331.0 |
| 007 - PHYSICAL DESCRIPTION FIXED FIELD--GENERAL INFORMATION |
| fixed length control field |
cr nn 008mamaa |
| 008 - FIXED-LENGTH DATA ELEMENTS--GENERAL INFORMATION |
| fixed length control field |
230620s2023 si | s |||| 0|eng d |
| 020 ## - INTERNATIONAL STANDARD BOOK NUMBER |
| International Standard Book Number |
9789811958649 |
| -- |
978-981-19-5864-9 |
| 024 ## - OTHER STANDARD IDENTIFIER |
| Standard number or code |
10.1007/978-981-19-5864-9 |
| Source of number or code |
doi |
| 050 ## - LIBRARY OF CONGRESS CALL NUMBER |
| Classification number |
GC1-1581 |
| 072 ## - SUBJECT CATEGORY CODE |
| Subject category code |
RBKC |
| Source |
bicssc |
| 072 ## - SUBJECT CATEGORY CODE |
| Subject category code |
SCI052000 |
| Source |
bisacsh |
| 072 ## - SUBJECT CATEGORY CODE |
| Subject category code |
RBKC |
| Source |
thema |
| 082 ## - DEWEY DECIMAL CLASSIFICATION NUMBER |
| Classification number |
551.46 |
| Edition number |
23 |
| 100 ## - MAIN ENTRY--PERSONAL NAME |
| Personal name |
McCreary, Julian P. |
| Relator term |
author. |
| Relationship |
aut |
| -- |
http://id.loc.gov/vocabulary/relators/aut |
| 245 ## - TITLE STATEMENT |
| Title |
Observations and Dynamics of Circulations in the North Indian Ocean |
| Medium |
[electronic resource] / |
| Statement of responsibility, etc. |
by Julian P. McCreary, Satish R. Shetye. |
| 250 ## - EDITION STATEMENT |
| Edition statement |
1st ed. 2023. |
| 260 ## - PUBLICATION, DISTRIBUTION, ETC. |
| Place of publication, distribution, etc. |
Singapore : |
| Name of publisher, distributor, etc. |
Springer Nature Singapore : |
| -- |
Imprint: Springer, |
| Date of publication, distribution, etc. |
2023. |
| 300 ## - PHYSICAL DESCRIPTION |
| Extent |
XV, 521 p. 100 illus., 81 illus. in color. |
| Other physical details |
online resource. |
| 336 ## - CONTENT TYPE |
| Content type term |
text |
| Content type code |
txt |
| Source |
rdacontent |
| 337 ## - MEDIA TYPE |
| Media type term |
computer |
| Media type code |
c |
| Source |
rdamedia |
| 338 ## - CARRIER TYPE |
| Carrier type term |
online resource |
| Carrier type code |
cr |
| Source |
rdacarrier |
| 347 ## - DIGITAL FILE CHARACTERISTICS |
| File type |
text file |
| Encoding format |
PDF |
| Source |
rda |
| 490 ## - SERIES STATEMENT |
| Series statement |
Atmosphere, Earth, Ocean & Space, |
| International Standard Serial Number |
2524-4418 |
| 505 ## - FORMATTED CONTENTS NOTE |
| Formatted contents note |
Preface -- Introduction -- Observations: atmospheric forcing and ocean response -- Atmospheric circulation -- Ocean forcing and the surface mixed layer -- Ocean response -- PART II: Models 205 -- Ocean models -- PART III: Free waves -- Overview -- Midlatitude waves -- Equatorial waves -- PART IV: Process solutions -- Overview -- Ekman drift and inertial oscillations -- Sverdrup flow and boundary currents -- Interior ocean -- Coastal ocean -- Equatorial ocean: switched-on forcing -- Equatorial Ocean: periodic forcing -- PART V: Applications -- Beams and Undercurrents -- Overturning circulations -- APPENDIX A: Movies. |
| 520 ## - SUMMARY, ETC. |
| Summary, etc. |
The book is the first to focus on the physical oceanography of the North Indian Ocean (NIO), a special region of the global ocean that exhibits a distinct seasonality due to the impact of the South Asian Monsoon (SAM). It is written as a textbook about the NIO for graduate students, lecturers, and researchers in physical oceanography. It will also be useful for courses on the interior, coastal, and equatorial dynamics in any other ocean. It helps readers, particularly new entrants to the field, to gain a comprehensive understanding of tropical-ocean dynamics by: developing from first principles the equation set for the linear continuously stratified (LCS) model, which has long been used to study tropical oceans; and then obtaining solutions that explore different aspects of the dynamics. Part 1 of the book provides an overview of observed ocean circulations and forcing functions in the NIO that are linked to the SAM.Part 2 develops the equations of motion for the LCS model. Part 3 (Free Waves) and Part 4 (Forced Solutions) derive and discuss analytic solutions to the LCS model that illustrate basic processes in the interior (unbounded), coastal, and equatorial regions of the ocean. The last two chapters of Part 4 consider more complicated processes and phenomena that build upon the simpler solutions previously found: vertical propagation of coastal and equatorial waves, and the Indian Ocean's shallow overturning circulations. Each analytic solution is illustrated (and extended) by a suite of numerical LCS solutions presented as video clips, providing a powerful means for visualizing complex processes. |
| 650 ## - SUBJECT ADDED ENTRY--TOPICAL TERM |
| Topical term or geographic name entry element |
Oceanography. |
| 650 ## - SUBJECT ADDED ENTRY--TOPICAL TERM |
| Topical term or geographic name entry element |
Physical geography. |
| 650 ## - SUBJECT ADDED ENTRY--TOPICAL TERM |
| Topical term or geographic name entry element |
Atmospheric science. |
| 650 ## - SUBJECT ADDED ENTRY--TOPICAL TERM |
| Topical term or geographic name entry element |
Mathematical analysis. |
| 650 ## - SUBJECT ADDED ENTRY--TOPICAL TERM |
| Topical term or geographic name entry element |
Mathematics |
| General subdivision |
Data processing. |
| 650 ## - SUBJECT ADDED ENTRY--TOPICAL TERM |
| Topical term or geographic name entry element |
Ocean Sciences. |
| 650 ## - SUBJECT ADDED ENTRY--TOPICAL TERM |
| Topical term or geographic name entry element |
Earth System Sciences. |
| 650 ## - SUBJECT ADDED ENTRY--TOPICAL TERM |
| Topical term or geographic name entry element |
Atmospheric Science. |
| 650 ## - SUBJECT ADDED ENTRY--TOPICAL TERM |
| Topical term or geographic name entry element |
Analysis. |
| 650 ## - SUBJECT ADDED ENTRY--TOPICAL TERM |
| Topical term or geographic name entry element |
Computational Mathematics and Numerical Analysis. |
| 700 ## - ADDED ENTRY--PERSONAL NAME |
| Personal name |
Shetye, Satish R. |
| Relator term |
author. |
| Relationship |
aut |
| -- |
http://id.loc.gov/vocabulary/relators/aut |
| 710 ## - ADDED ENTRY--CORPORATE NAME |
| Corporate name or jurisdiction name as entry element |
SpringerLink (Online service) |
| 773 ## - HOST ITEM ENTRY |
| Title |
Springer Nature eBook |
| 776 ## - ADDITIONAL PHYSICAL FORM ENTRY |
| Relationship information |
Printed edition: |
| International Standard Book Number |
9789811958632 |
| 776 ## - ADDITIONAL PHYSICAL FORM ENTRY |
| Relationship information |
Printed edition: |
| International Standard Book Number |
9789811958656 |
| 776 ## - ADDITIONAL PHYSICAL FORM ENTRY |
| Relationship information |
Printed edition: |
| International Standard Book Number |
9789811958663 |
| 830 ## - SERIES ADDED ENTRY--UNIFORM TITLE |
| Uniform title |
Atmosphere, Earth, Ocean & Space, |
| International Standard Serial Number |
2524-4418 |
| 856 ## - ELECTRONIC LOCATION AND ACCESS |
| Uniform Resource Identifier |
<a href="https://doi.org/10.1007/978-981-19-5864-9">https://doi.org/10.1007/978-981-19-5864-9</a> |
| 912 ## - |
| -- |
ZDB-2-EES |
| 912 ## - |
| -- |
ZDB-2-SXEE |